Zamienione dane: Najdłuższe rzeki Polski z mapą - Statystyki

Ogólne statystyki
  • Ten quiz został rozwiązany 12 razy
  • Średni wynik to 8 z 25
Odpowiedzi na mapie
Odpowiedzi zakodowano w zielono-czerwonej skali na mapie do tego quizu, zgodnie z poniższymi procentami.
 
Statystyki odpowiedzi
L.p. Rzeka Długość km % Poprawnych
1. Wisła 1047
75%
17. Drwęca 207
50%
22. Poprad 170
38%
21. Nysa Kłodzka 182
38%
18. Wisłok 205
38%
16. Prosna 217
38%
15. Brda 238
38%
10. Dunajec 247
38%
14. Wkra 249
38%
13. Nysa Łużycka 252
38%
12. Łyna 264
38%
11. Bóbr 272
38%
9. Wieprz 303
38%
8. Pilica 319
38%
25. Bzura 166
25%
24. Rega 168
25%
23. Pasłęka 169
25%
20. Drawa 186
25%
19. Wda 198
25%
7. Noteć 391
25%
6. San 458
25%
4. Bug 772
25%
3. Warta 808
25%
2. Odra 854
25%
5. Narew 484
13%
Nie znaleziono quizów pasujących do podanych kryteriów
Rozkład punktacji
Procent ludzi z każdym wynikiem
Percentyl według liczby udzielonych odpowiedzi
Twoja historia wyników
Nie rozwiązałeś tego quizu